| 000 | 00000nas 2200000za 4500 |
| 001 | 9.507961 |
| 003 | CaOODSP |
| 005 | 20221107133842 |
| 007 | cr ||||||||||| |
| 008 | 150406d20132018oncwr p o f0 a0eng|d |
| 022 | |a2368-2841 |
| 040 | |aCaOODSP|beng |
| 043 | |an-cn--- |
| 086 | 1 |aHP38-2E-PDF |
| 245 | 00|aWest Nile virus and other mosquito-borne disease national surveillance report |h[electronic resource]. |
| 246 | 13|aWest Nile Virus and other mosquito-borne disease report|f2018 |
| 246 | 17|aWest Nile virus and other mosquito-borne diseases |
| 260 | |a[Ottawa] : |bPublic Health Agency of Canada, |c2013-2018. |
| 310 | |aWeekly |
| 362 | 1 |aBegan with: Nov. 10-23, 2013 (report weeks 46 & 47); ceased with: Nov. 11-Dec. 15, 2018 (report week 46-50). |
| 500 | |aIssued also in French under title: Virus du Nil occidental et autre maladie transmise par les moustiques - rapport national de surveillance. |
| 500 | |aCaption title. |
| 692 | 07|2gccst|aInfectious diseases |
| 710 | 2 |aPublic Health Agency of Canada. |
| 775 | 08|tVirus du Nil occidental et autre maladie transmise par les moustiques - rapport national de surveillance |w(CaOODSP)9.504338 |
| 780 | 00|tWest Nile virus national surveillance report |w(CaOODSP)9.805183 |
| 785 | 00|tMosquito-borne disease surveillance report. |w(CaOODSP)9.877947 |